Microsoft Apps - Statistics

General Stats
  • This quiz has been taken 13 times
    11 since last reset
  • The average score is 6 of 25
Answer Stats
Answer % Correct
Word
100%
Excel
91%
PowerPoint
82%
Outlook
45%
OneNote
36%
Access
27%
Edge
27%
Power BI
27%
Windows
27%
Clipchamp
18%
OneDrive
18%
Power Automate
18%
SharePoint
18%
Bookings
9%
Designer
9%
Exchange Server
9%
Forms
9%
Intune
9%
Kaizala
9%
Loop
9%
Project
9%
Sway
9%
To Do
9%
Visio
9%
WhiteBoard
9%
No matching quizzes found
Score Distribution
Percent of People with Each Score
Percentile by Number Answered
Your Score History
You have not taken this quiz since the last reset